<?xml version="1.0" encoding="UTF-8"?>
<record
    xmlns:xsi="http://www.w3.org/2001/XMLSchema-instance"
    xsi:schemaLocation="http://www.loc.gov/MARC21/slim http://www.loc.gov/standards/marcxml/schema/MARC21slim.xsd"
    xmlns="http://www.loc.gov/MARC21/slim">

  <leader>00780nam a2200241 i 4500</leader>
  <controlfield tag="001">69918</controlfield>
  <controlfield tag="003">ES-MaACL</controlfield>
  <controlfield tag="005">20250813062714.0</controlfield>
  <controlfield tag="007">t|</controlfield>
  <controlfield tag="008">040713s1980    sp           |||| |bspa d</controlfield>
  <datafield tag="080" ind1=" " ind2=" ">
    <subfield code="a">929 Garc&#xED;a Lorca, Federico</subfield>
  </datafield>
  <datafield tag="100" ind1="1" ind2=" ">
    <subfield code="a">Garc&#xED;a Lorca, Francisco.</subfield>
    <subfield code="9">54859</subfield>
    <subfield code="e">aut</subfield>
  </datafield>
  <datafield tag="245" ind1="1" ind2="0">
    <subfield code="a">Federico y su mundo / </subfield>
    <subfield code="c">Francisco Garc&#xED;a Lorca ; edici&#xF3;n y pr&#xF3;logo de Mario Hern&#xE1;ndez.</subfield>
  </datafield>
  <datafield tag="260" ind1=" " ind2=" ">
    <subfield code="a">[Madrid] : </subfield>
    <subfield code="b">Alianza, </subfield>
    <subfield code="c">[1980]</subfield>
  </datafield>
  <datafield tag="300" ind1=" " ind2=" ">
    <subfield code="a">XXXV, 485 p., 16 l&#xE1;m. ; </subfield>
    <subfield code="c">20 cm.</subfield>
  </datafield>
  <datafield tag="490" ind1="1" ind2=" ">
    <subfield code="a">Alianza tres ; </subfield>
    <subfield code="v">58</subfield>
  </datafield>
  <datafield tag="600" ind1="1" ind2="4">
    <subfield code="a">Garc&#xED;a Lorca, Federico,</subfield>
    <subfield code="d">1898-1936-</subfield>
    <subfield code="9">54854</subfield>
    <subfield code="x">Biograf&#xED;as</subfield>
  </datafield>
  <datafield tag="700" ind1="1" ind2=" ">
    <subfield code="a">Hern&#xE1;ndez, Mario,</subfield>
    <subfield code="d">1945-</subfield>
    <subfield code="9">151331</subfield>
    <subfield code="e">pbl</subfield>
  </datafield>
  <datafield tag="830" ind1="0" ind2="0">
    <subfield code="a">Alianza tres</subfield>
    <subfield code="v">58</subfield>
    <subfield code="9">177344</subfield>
  </datafield>
  <datafield tag="852" ind1=" " ind2=" ">
    <subfield code="a">ES-MaACL</subfield>
    <subfield code="j">C-33825</subfield>
  </datafield>
  <datafield tag="942" ind1=" " ind2=" ">
    <subfield code="2">udc</subfield>
  </datafield>
  <datafield tag="999" ind1=" " ind2=" ">
    <subfield code="c">69918</subfield>
    <subfield code="d">69918</subfield>
  </datafield>
  <datafield tag="952" ind1=" " ind2=" ">
    <subfield code="0">0</subfield>
    <subfield code="1">0</subfield>
    <subfield code="4">0</subfield>
    <subfield code="7">0</subfield>
    <subfield code="a">ATENEOM</subfield>
    <subfield code="b">ATENEOM</subfield>
    <subfield code="c">DEPO2</subfield>
    <subfield code="d">2008-01-17</subfield>
    <subfield code="e">SC</subfield>
    <subfield code="l">0</subfield>
    <subfield code="o">C-33825</subfield>
    <subfield code="p">1073214</subfield>
    <subfield code="r">2023-02-23 00:00:00</subfield>
    <subfield code="w">2023-02-23</subfield>
    <subfield code="y">MONOGRAFIA</subfield>
  </datafield>
</record>
